| 000 | 00737nam a22002177a 4500 | ||
|---|---|---|---|
| 005 | 20170124110035.0 | ||
| 010 | _a127869 | ||
| 020 | _c00.00 | ||
| 035 | _a127869 | ||
| 037 | _bCen Lib/Ret | ||
| 040 |
_aDPL _bEN |
||
| 082 |
_a301 _bCAR |
||
| 100 |
_aCarr, Lowell Juilliard _922493 |
||
| 245 |
_aAnalytical sociology : social situations and social problems : _cby Lowell Juilliard Carr _bthe social world in being the social world in trouble / |
||
| 260 |
_aNew York _bHarper & Brothers Publishers _c1955 |
||
| 300 |
_ax,795p. : _c23cm(Hb) _bill. |
||
| 500 | _aIncludes bibliographical references and index. | ||
| 650 |
_aSocial problems _988949 |
||
| 650 |
_aSocial science _988950 |
||
| 942 |
_2ddc _cEN _h301 _mCAR |
||
| 999 |
_c128135 _d128135 |
||